000 00594cam a22002052 4500
001 0000019409
005 20151217145914.0
008 101115s xx 000 0 eng d
020 _a1847032782 :
040 _aKABU
_cKABU
100 1 _aHarris, David.
_@0000170051
245 1 0 _aCases and materials on international law /
_cDavid Harris.
250 _a7th ed.
260 _aLondon :
_bSweet & Maxwell,
_c2010.
300 _a7th p.
650 0 _aInternational law
_xCases.
_@0000158678
852 1 _9p7390 KES
908 _a101115
950 _@1
999 _c3920
_d3920